| 000 | 00429pab a2200169 454500 | ||
|---|---|---|---|
| 008 | 180718b1999 xxu||||| |||| 00| 0 eng d | ||
| 100 | _aChaudhuri, Maitrayee | ||
| 245 | _aGender in the making of the Indian nation-state | ||
| 260 | _c1999 | ||
| 300 | _ap.113-33 | ||
| 362 | _aMar-Sep | ||
| 650 | _aWomen - India | ||
| 650 | _aNational state - India | ||
| 650 | _aWomen | ||
| 773 | _aSociological Bulletin | ||
| 909 | _a46372 | ||
| 999 |
_c46372 _d46372 |
||